Statistiken für Länder, die Bangladesch am nächsten liegen

Klicken Sie hier um das Quiz zu spielen!

Allgemein

  • Dieses Quiz wurde 85 mal gespielt
  • Das Durchschnittsergebnis liegt bei 18 aus 20

Antwortstatistiken

kmLand% Korrekt
94China
100%
0Indien
100%
780Laos
99%
43Bhutan
97%
22Nepal
97%
1407Pakistan
97%
579Thailand
97%
0Birma
96%
985Vietnam
94%
1741Afghanistan
93%
1628Sri Lanka
93%
1330Kambodscha
91%
1719Indonesien
87%
1779Malaysia
87%
2111Usbekistan
87%
1871Kirgisistan
85%
1725Tadschikistan
85%
1932Mongolei
82%
2266Turkmenistan
81%
1888Kasachstan
74%

Verteilung der Resultate

Perzentil nach korrekt beantworteten Fragen

Anzahl Personen mit jedem Resultat

Ihre Resultats-Entwicklung

Sie haben dieses Quiz noch nicht gespielt